000 00523nam a2200181Ia 4500
003 OSt
005 20201202094603.0
008 190216s9999||||xx |||||||||||||| ||und||
020 _a9788171307616
040 _coclc
082 _a894.8123
_bRAM/A
100 _aRamakrishnan, Malayatoor
_96469
245 0 _aAmrutam Thedi /
_cMalayatoor Ramakrishnan
260 _bDc Books,
_c1999.
_aKottayam:
300 _a338p
650 _aMalayalam Novel
942 _cBK
_2ddc
_h894.8123
_iRAM/A
_k894.8123
_mRAM/A
999 _c26033
_d26033